00913nam a2200241 a 450000100100000000500170001000800410002704000250006808200200009310000400011324500770015326000530023030000280028349000140031150000520032565100490037765100330042665100410045983000210050004900090052195201240053099900170065400002175620200930011434.0100910s1972 sp r 000 | spa d aDO-SdBNPbspacBNPHU a304.6046bC198a1 aCampo Urbano, Salustiano Del94520710aAnálisis de la población de España /cSalustiano del Campo Urbano. aBarcelona, (España) :bEdiciones Ariel,c1972. a192 p. :bil. ;c18 cm.1 aArielv79 aIncluye índice de cuadros, mapas y gráficos 4aEspañaxPoblaciónxEstadísticas945208 4aEspañaxPoblación945209 4aEspañaxCondiciones Sociales93502 0aArielv79933302 aBNGR 001054708MOaGRbGRcCTd2010-09-10iLF1l0o304.6046 C198ap21756-10r2020-06-25w2020-06-25y4ZPréstamo en sala c21255d21255